000 00316nam a22001457a 4500
008 230515b ||||| |||| 00| 0 eng d
020 _a00903671
041 _aeng
080 _a610.73
082 _a610.73SCH
100 _a8
101 _aINF
245 _a1983 YEAR BOOK OF SURGERY
_cSCHWARTZ
942 _2udc
_cBK
999 _c59718
_d59718